| 000 | 00788nam a2200265 a 4500 | ||
|---|---|---|---|
| 005 | 20210219152849.0 | ||
| 008 | 991125n 000 0 spa u | ||
| 035 | _aUPN01000064012 | ||
| 100 | 1 | _aMoreno García, Inmaculada | |
| 222 | 0 | _aANALISIS Y MODIFICACION DE CONDUCTA | |
| 245 | 0 | 0 | _aAnálisis de la bibliografía sobre estrategias conductuales de intervención en miedos infantiles y juveniles |
| 260 | _aEspaña | ||
| 300 | _a181-199 | ||
| 362 | 0 | _a1991 Vol. 17, no. 52 | |
| 653 | 0 | _aAPRENDIZAJE POR IMITACION | |
| 653 | 0 | _aBIBLIOGRAFIA | |
| 653 | 0 | _aMIEDOS INFANTILES | |
| 653 | 0 | _aTERAPIA CONDUCTUAL | |
| 700 | 1 | _aBlanco Picabia, A., | |
| 700 | 1 | _ecoaut. | |
| 700 | 1 | _aRodríguez Franco, L., | |
| 700 | 1 | _ecoaut. | |
| 904 |
_aAC _b001823 |
||
| 905 | _aArticulo | ||
| 999 |
_c62369 _d62369 |
||